Т. 1; Высокие давления в науке и технике

Bibliografiske detaljer
Parent link:Высокие давления в науке и технике=High Pressure Science and Technology: труды ХI Международной конференции МАРИВД, Киев, 12-17 июля 1987 г./ под ред. Н. В. Новикова. Т. 1.— , 1989.— 5-12-001176-4
Sprog:engelsk
Udgivet: 1989
Fag:
Format: MixedMaterials Bog
KOHA link:https://koha.lib.tpu.ru/cgi-bin/koha/opac-detail.pl?biblionumber=251180

MARC

LEADER 00000nam2a2200000 4500
001 251180
005 20231101232631.0
010 |a 5120003664 
035 |a (RuTPU)RU\TPU\book\273445 
090 |a 251180 
100 |a 20140219d1989 k y0rusy50 ca 
101 0 |a eng 
102 |a UA 
105 |a a z 101zy 
200 0 |a Т. 1 
210 |d 1989 
215 |a 452 с.  |c ил. 
320 |a Библиография в конце статей 
461 1 |0 (RuTPU)RU\TPU\book\273818  |y 5-12-001176-4  |t Высокие давления в науке и технике  |l High Pressure Science and Technology  |o труды ХI Международной конференции МАРИВД, Киев, 12-17 июля 1987 г.  |f под ред. Н. В. Новикова  |v Т. 1  |d 1989 
606 1 |a Давления высокие  |x (физика)  |2 stltpush  |3 (RuTPU)RU\TPU\subj\4802  |9 33017 
610 1 |a газы 
610 1 |a жидкости 
610 1 |a свойства 
610 1 |a структурные превращения 
610 1 |a фазовые превращения 
610 1 |a твердые тела 
610 1 |a химическая кинетика 
610 1 |a химический синтез 
610 1 |a конференции 
675 |a 539.89(063)  |v 3 
801 1 |a RU  |b 63413507  |c 20140219 
801 2 |a RU  |b 63413507  |c 20140221  |g RCR 
942 |c BK